Most populous cities where Catalan is spoken - Statistics

General Stats
  • This quiz has been taken 170 times
  • The average score is 9 of 15
Answer Stats
Population City % Correct
1,650,358 Barcelona
100%
797,028 València
79%
257,349 L'Hospitalet de Llobregat
72%
131,094 Tarragona
72%
138,144 Lleida
66%
215,848 Badalona
59%
409,661 Palma
58%
180,204 Castelló
56%
209,931 Sabadell
54%
216,428 Terrassa
54%
334,678 Alacant
49%
125,517 Mataró
49%
117,153 Santa Coloma de Gramenet
39%
230,587 Elx
35%
121,934 Perpinyà
31%
No matching quizzes found
Score Distribution
Percent of People with Each Score
Percentile by Number Answered
Your Score History
You have not taken this quiz